Turbo C : memory-resident utilities, screen I/O, and programming techniques (Record no. 70964)

000 -LEADER
fixed length control field 00477nam a22001697a 4500
003 - CONTROL NUMBER IDENTIFIER
control field NUST - PNEC
005 - DATE AND TIME OF LATEST TRANSACTION
control field 20170116181151.0
008 - FIXED-LENGTH DATA ELEMENTS--GENERAL INFORMATION
fixed length control field 151128b xxu||||| |||| 00| 0 eng d
020 ## - INTERNATIONAL STANDARD BOOK NUMBER
International Standard Book Number 0943518350
040 ## - CATALOGING SOURCE
Transcribing agency LIBRARY
082 ## - DEWEY DECIMAL CLASSIFICATION NUMBER
Classification number 005.26 STE
100 ## - MAIN ENTRY--PERSONAL NAME
9 (RLIN) 15448
Personal name Stevens, Al,
245 ## - TITLE STATEMENT
Title Turbo C : memory-resident utilities, screen I/O, and programming techniques
Statement of responsibility, etc. Al,Stevens
260 ## - PUBLICATION, DISTRIBUTION, ETC.
Date of publication, distribution, etc. c1987.
650 ## - SUBJECT ADDED ENTRY--TOPICAL TERM
9 (RLIN) 15449
Topical term or geographic name entry element Turbo C (Computer file)
General subdivision ME
942 ## - ADDED ENTRY ELEMENTS (KOHA)
Source of classification or shelving scheme
Koha item type Book
Holdings
Withdrawn status Lost status Source of classification or shelving scheme Damaged status Not for loan Permanent Location Current Location Shelving location Date acquired Source of acquisition Total Checkouts Full call number Barcode Date last seen Price effective from Koha item type
          Pakistan Navy Engineering College (PNEC) Pakistan Navy Engineering College (PNEC)     Donated   005.26 STE PNECLIB-032185 11/28/2015   Book
© 2023 Central Library, National University of Sciences and Technology. All Rights Reserved.